1103 1938 1236 1802 1816 1506 1602 1380 1559 1560 1847 1978 1986 1129 1566 1602 1433 1680 1869 1667 1595 1098 1314 1304 1349 1664 1954 1159 1902 1627 1749 1137 1769 1851 1299 1323 1690 1090 1900 1878 1259 1444 1182 1151 1893 1552 1008 1824 1506 1416 1191 1699 1161 1885 1184 1309 1302 1656 1357 1569 1586 1892 1810 1373 1389 1121 1529 1460 1610 1751 1106 1237 1813 1894 1701 1420 1584 1882 1026 1710 1043 1995 1651 1262 1800 1054 1071 1314 1184 1054 1671 1171 1786 1647 1308 1227 1187 1924 1677 BCNSPRNW ULIB Ver.6.0+V

เปลี่ยนเป็นภาษาไทย

Change to English
 แสดงรายละเอียดบรรณานุกรม
  กลับหน้าหลัก

Brief Record : Get Marc (ISO 2709) : E-mail record : QR code < ปิดหน้าต่าง
LEADER : 00000nam 2200000uu 4500
001    13399124501
003     ULIB
008    020711s2556 th a 000 0 tha d
020    9789749804902
090    นว.^bล158จ ล.พิเศษ
100    ล่อร่า อิงกัลล์ส์ ไวล์เดอร์;^eผู้แต่ง
245    จดหมายจากลอร่า/^cล่อร่า อิงกัลล์ส์ ไวล์เดอร์
250    พิมพ์ครั้งที่ 7
260    กรุงเทพฯ :^bแพรวเยาวชน,^c2556
300    163 หน้า;^b18.5 ซม.
500    หนังสือชุด บ้านเล็ก เล่มพิเศษ
700    ปัณณพร;^eแปล
945    ^p130^l0^i039782
999    ^aทศพร
รายการนี้ยังไม่มีแท็ก
คุณยังไม่ได้ล็อกอิน คุณสามารถมีกิจกรรมร่วมกับเว็บไซต์ได้ แต่ต้องล็อกอินก่อน ::
  ล็อกอิน

รายการสื่อสารสนเทศ

ลำดับที่ ประเภท เลขเรียก/บาร์โค้ด สถานที่ สถานะ
1. นวนิยาย
นวนิยาย
นว. ล158จ ล.พิเศษ ฉ.1 
  Barcode: 039782
ห้องสมุดวิทยาเขตสวรรค์ประชารักษ์
►นวนิยาย
ถูกยืม กำหนดส่งวันที่ 6 มีนาคม 2567
  จอง
Note:หนังสือชุด บ้านเล็ก เล่มพิเศษ

BibComment


ยังไม่เคยถูกคอมเมนท์

คอมเมนท์ทรัพยากรรายการนี้
  คอมเมนท์: จดหมายจากลอร่า ล่..


 Copyright 2026. Bcnsprnw @Library